Podnikání podle živnostenského zákona.
Podnikanie a živnosť. Právo podnikať; živnostenské podnikanie; činnosti vylúčené zo živnostenského podnikania; druhy živností podľa predpokladov vzniku živnostenského oprávnenia; druhy živností podľa predmetu činnosti. Subjekty oprávnené prevádzkovať živnosť. Živnostenské oprávnenie: Vznik, preukáza...
Guardado en:
| Autor principal: | |
|---|---|
| Formato: | Capítulo de libro |
| Lenguaje: | checo |
| Materias: | |
| Etiquetas: |
Sin Etiquetas, Sea el primero en etiquetar este registro!
|
MARC
| LEADER | 00000naa a2200000 4500 | ||
|---|---|---|---|
| 001 | r006450 | ||
| 005 | 20221125075643.9 | ||
| 041 | 0 | |a cze | |
| 044 | |a [CS] | ||
| 245 | 1 | 0 | |a Podnikání podle živnostenského zákona. |c J. Dědič |
| 520 | |a Podnikanie a živnosť. Právo podnikať; živnostenské podnikanie; činnosti vylúčené zo živnostenského podnikania; druhy živností podľa predpokladov vzniku živnostenského oprávnenia; druhy živností podľa predmetu činnosti. Subjekty oprávnené prevádzkovať živnosť. Živnostenské oprávnenie: Vznik, preukázanie, rozsah, výkon a zánik živnostenského oprávnenia. | ||
| 610 | 2 | 0 | |a podnikanie |
| 610 | 2 | 0 | |a podnikanie súkromné |
| 610 | 2 | 0 | |a zákony |
| 610 | 2 | 0 | |a predpisy právne |
| 100 | 1 | |a Dědič, J. | |